000 00664nam a2200289Ia 4500
005 20260324144023.0
008 008 260324s9999 xx 000 0 eng d
020 _a9780429337406
037 _aEBOOK
040 _aCRL
040 _beng
040 _cCRL
041 _2eng
041 _aeng
084 _qCRL
100 _aBeth Hess
_91217784
245 0 _aGrowing Old in America
245 0 _bNew Perspectives on Old Age
260 _bTaylor and Francis
260 _c1990
365 _a
365 _b205
856 _uhttp://www.taylorfrancis.com/books/9780429337406
942 _cEBOOK
999 _c1823888
_d1823888